MyGZULibrary

Deep South : (Record no. 963)

MARC details
000 -LEADER
fixed length control field 03128cam a2200457 i 4500
001 - CONTROL NUMBER
control field 18518740
003 - CONTROL NUMBER IDENTIFIER
control field GZU
005 - DATE AND TIME OF LATEST TRANSACTION
control field 20200917102047.0
008 - FIXED-LENGTH DATA ELEMENTS--GENERAL INFORMATION
fixed length control field 150307s2015 maua b 000 0deng
010 ## - LIBRARY OF CONGRESS CONTROL NUMBER
LC control number 2015006631
020 ## - INTERNATIONAL STANDARD BOOK NUMBER
International Standard Book Number 9780544323520 (hardcover : alkaline paper)
020 ## - INTERNATIONAL STANDARD BOOK NUMBER
Canceled/invalid ISBN 9780544323537 (ebook)
020 ## - INTERNATIONAL STANDARD BOOK NUMBER
Canceled/invalid ISBN 9780241146736
040 ## - CATALOGING SOURCE
Original cataloging agency DLC
Language of cataloging eng
Description conventions rda
Transcribing agency DLC
042 ## - AUTHENTICATION CODE
Authentication code pcc
043 ## - GEOGRAPHIC AREA CODE
Geographic area code n-usu--
050 00 - LIBRARY OF CONGRESS CALL NUMBER
Classification number F216.2
Item number .THE 2015
084 ## - OTHER CLASSIFICATION NUMBER
Classification number TRV025070
-- TRV025090
-- TRV025100
Number source bisacsh
100 1# - MAIN ENTRY--PERSONAL NAME
Personal name Theroux, Paul,
Relator term author.
245 10 - TITLE STATEMENT
Title Deep South :
Remainder of title four seasons on back roads /
Statement of responsibility, etc. Paul Theroux ; [Photographs copyright © Steve McCurry.]
264 #1 - PRODUCTION, PUBLICATION, DISTRIBUTION, MANUFACTURE, AND COPYRIGHT NOTICE
Place of production, publication, distribution, manufacture Boston :
Name of producer, publisher, distributor, manufacturer Houghton Mifflin Harcourt,
Date of production, publication, distribution, manufacture, or copyright notice 2015.
300 ## - PHYSICAL DESCRIPTION
Extent 441 pages :
Other physical details illustrations (chiefly color) ;
Dimensions 24 cm
336 ## - CONTENT TYPE
Content type term text
Content type code txt
Source rdacontent
337 ## - MEDIA TYPE
Media type term unmediated
Media type code n
Source rdamedia
338 ## - CARRIER TYPE
Carrier type term volume
Carrier type code nc
Source rdacarrier
500 ## - GENERAL NOTE
General note "An Eamon Dolan Book"--Title page.
504 ## - BIBLIOGRAPHY, ETC. NOTE
Bibliography, etc. note Includes bibliographical references.
520 2# - SUMMARY, ETC.
Summary, etc. "One of the most acclaimed travel writers of our time turns his unflinching eye on an American South too often overlooked. Paul Theroux has spent fifty years crossing the globe, adventuring in the exotic, seeking the rich history and folklore of the far away. Now, for the first time, in his tenth travel book, Theroux explores a piece of America--the Deep South. He finds there a paradoxical place, full of incomparable music, unparalleled cuisine, and yet also some of the nation's worst schools, housing, and unemployment rates. It's these parts of the South, so often ignored, that have caught Theroux's keen traveler's eye. On road trips spanning four seasons, wending along rural highways, Theroux visits gun shows and small-town churches, laborers in Arkansas, and parts of Mississippi where they still call the farm up the road 'the plantation.' He talks to mayors and social workers, writers and reverends, the working poor and farming families--the unsung heroes of the south, the people who, despite it all, never left, and also those who returned home to rebuild a place they could never live without. From the writer whose 'great mission has always been to transport us beyond that reading chair, to challenge himself--and thus, to challenge us' (Boston Globe), Deep South is an ode to a region, vivid and haunting, full of life and loss alike"--
Assigning source Provided by publisher.
600 10 - SUBJECT ADDED ENTRY--PERSONAL NAME
Personal name Theroux, Paul
General subdivision Travel
Geographic subdivision Southern States.
650 #0 - SUBJECT ADDED ENTRY--TOPICAL TERM
Topical term or geographic name entry element Scenic byways
Geographic subdivision Southern States.
650 #0 - SUBJECT ADDED ENTRY--TOPICAL TERM
Topical term or geographic name entry element Seasons
Geographic subdivision Southern States.
650 #7 - SUBJECT ADDED ENTRY--TOPICAL TERM
Topical term or geographic name entry element TRAVEL / United States / South / General.
Source of heading or term bisacsh
650 #7 - SUBJECT ADDED ENTRY--TOPICAL TERM
Topical term or geographic name entry element TRAVEL / United States / South / South Atlantic (DC, DE, FL, GA, MD, NC, SC, VA, WV).
Source of heading or term bisacsh
650 #7 - SUBJECT ADDED ENTRY--TOPICAL TERM
Topical term or geographic name entry element TRAVEL / United States / South / West South Central (AR, LA, OK, TX).
Source of heading or term bisacsh
651 #0 - SUBJECT ADDED ENTRY--GEOGRAPHIC NAME
Geographic name Southern States
General subdivision Description and travel.
651 #0 - SUBJECT ADDED ENTRY--GEOGRAPHIC NAME
Geographic name Southern States
General subdivision Social life and customs.
651 #0 - SUBJECT ADDED ENTRY--GEOGRAPHIC NAME
Geographic name Southern States
General subdivision Social conditions.
651 #0 - SUBJECT ADDED ENTRY--GEOGRAPHIC NAME
Geographic name Southern States
Form subdivision Biography.
906 ## - LOCAL DATA ELEMENT F, LDF (RLIN)
a 7
b cbc
c orignew
d 1
e ecip
f 20
g y-gencatlg
942 ## - ADDED ENTRY ELEMENTS (KOHA)
Source of classification or shelving scheme Library of Congress Classification
Koha item type Books
Classification part 216.2
Item part THE
Call number prefix F
Holdings
Withdrawn status Lost status Source of classification or shelving scheme Damaged status Not for loan Collection code Home library Current library Shelving location Date acquired Source of acquisition Total Checkouts Full call number Barcode Date last seen Date last checked out Copy number Price effective from Koha item type
    Library of Congress Classification     Non-fiction City Campus Library City Campus Library General Stacks 03/06/2017 Book Aid International 1 F216.2 THE 2015 028118 07/01/2024 06/13/2024 c. 1 09/17/2020 Books